[Event "Challenge"]
[Site "http://www.queenalice.com/game.php?id=1588676"]
[Date "2019.11.1"]
[Round "-"]
[White "WLAO"]
[Black "otavio01"]
[Result "1-0"]
[WhiteElo "1670"]
[BlackElo "1860"]

1. e4 e5 2. Nf3 Nc6 3. c3 Nf6 4. d3 Be7 5. Ng5 d5 6. exd5 Nxd5 7. Qh5 Bxg5 8.
Bxg5 Nf6 9. Qh4 Qd6 10. Be2 Bf5 11. O-O Nd7 12. Nd2 f6 13. Bh6 gxh6 14. Qh5+ Ke7
15. Qxh6 Bxd3 16. Qg7+ Ke6 17. Bxd3 Qxd3 18. Nf3 Qd6 19. Rad1 Qe7 20. Qg4+ f5
21. Qh5 Nf6 22. Ng5# 1-0

[Event "AUTO-ADV-4223"]
[Site "http://www.queenalice.com/game.php?id=1590024"]
[Date "2019.11.14"]
[Round "2"]
[White "doriam2203"]
[Black "otavio01"]
[Result "0-1"]
[WhiteElo "1673"]
[BlackElo "1792"]

1. e4 e5 2. a3 Nf6 3. Nc3 Nc6 4. Bc4 Bc5 5. Nd5 Nxe4 6. d3 Nxf2 7. Qh5 O-O 8. b4
Bb6 9. Nxb6 axb6 10. Kxf2 e4 11. dxe4 Qf6+ 12. Nf3 Qxa1 13. Ng5 h6 14. Bxf7+ Kh8
15. g3 Qf6+ 16. Kg2 Ne5 17. Rf1 Qe7 18. Rf5 d6 19. Rf4 Nxf7 20. Nxf7+ Kg8 21.
Nxh6+ gxh6 22. Rxf8+ Qxf8 23. Bxh6 Qf7 24. Qg5+ Kh7 0-1

[Event "AUTO-ADV-4223"]
[Site "http://www.queenalice.com/game.php?id=1590025"]
[Date "2019.11.14"]
[Round "2"]
[White "otavio01"]
[Black "doriam2203"]
[Result "0-1"]
[WhiteElo "1803"]
[BlackElo "1662"]

1. e4 e5 2. Nf3 Nc6 3. Bb5 Nf6 4. Bxc6 bxc6 5. Nxe5 Ba6 6. Nf3 Nxe4 7. Qe2 Bxe2
8. Kxe2 d5 9. Re1 Bd6 10. Kf1 O-O 11. d3 Ng5 12. Bxg5 f6 13. Be3 Rb8 14. b3 Bb4
15. c3 Bd6 16. Nd4 Qd7 17. Kg1 c5 18. Nf3 Rfe8 19. Nbd2 c6 20. h3 a5 21. g4 h6
22. d4 c4 23. bxc4 f5 24. gxf5 Qxf5 25. h4 dxc4 26. Kf1 Bf4 27. Ke2 Bxe3 28.
fxe3 Qd3+ 29. Kf2 Qxc3 30. Rac1 Qd3 31. Rxc4 Rb2 32. Rxc6 Rf8 33. Kg1 Rxa2 34.
e4 Rxd2 35. Nxd2 Qxd2 36. Rcc1 Qxd4+ 37. Kh1 Rf2 38. e5 Qxh4+ 39. Kg1 Qh2# 0-1

[Event "AUTO-ADV-4223"]
[Site "http://www.queenalice.com/game.php?id=1590028"]
[Date "2019.11.14"]
[Round "2"]
[White "thbn"]
[Black "otavio01"]
[Result "0-1"]
[WhiteElo "1761"]
[BlackElo "1797"]

1. d4 d5 2. Nc3 Nc6 3. Nf3 Bg4 4. e4 Nf6 5. e5 Ne4 6. Bd2 Bxf3 7. Qxf3 Nxd4 8.
Qd3 Nc6 9. Nxe4 Nxe5 10. Qc3 f6 11. Ng3 d4 12. Qb3 b6 13. Bb5+ c6 14. Be2 Qd6
15. Nf5 Qd7 16. g4 h5 17. Qh3 e6 18. Ng3 O-O-O 19. Ba6+ Kc7 20. O-O-O b5 21.
Ba5+ Kb8 22. Bxd8 Qxd8 23. gxh5 f5 24. Qg2 f4 25. Ne4 Rxh5 26. Nc5 Bxc5 27. Qxg7
Qe7 28. Qg8+ Qf8 29. Qxe6 Kc7 30. Rhg1 Kb6 31. Bc8 Kc7 32. Bd7 Nxd7 33. Rg6 Ne5
34. Re1 Bd6 35. Rf6 Qd8 36. Rxf4 d3 37. cxd3 Nxd3+ 38. Kb1 Nxf4 39. Qf7+ Kb6 40.
Re8 Qc7 41. Qb3 Rxh2 42. Qe3+ Bc5 43. Qb3 Qh7+ 44. Kc1 Rh1+ 45. Kd2 Qd7+ 46. Kc2
Qxe8 47. Qg3 Qe2+ 48. Kb3 Qc4# 0-1

[Event "AUTO-ADV-4223"]
[Site "http://www.queenalice.com/game.php?id=1590029"]
[Date "2019.11.14"]
[Round "2"]
[White "otavio01"]
[Black "thbn"]
[Result "1-0"]
[WhiteElo "1781"]
[BlackElo "1777"]

1. e4 d5 2. exd5 c6 3. dxc6 Nxc6 4. Nf3 Nf6 5. Nc3 Bg4 6. Be2 e5 7. Nxe5 Bxe2 8.
Qxe2 Nxe5 9. Qxe5+ Be7 10. O-O O-O 11. Re1 Bd6 12. Qe3 Re8 13. Qxe8+ Nxe8 14. d4
Qc7 15. g3 Nf6 16. Bg5 Nd7 17. Re2 f6 18. Be3 Re8 19. d5 Ne5 20. Kg2 Nc4 21. Nb5
Qa5 22. a4 Be5 23. Bf4 Nxb2 24. Bxe5 fxe5 25. Nd6 Qxd5+ 26. Ne4 Rc8 27. f3 Qd4
28. c3 Qc4 29. Rxb2 b6 30. Rb5 Rf8 31. Rxe5 Qe2+ 32. Kh3 Qxf3 33. Re1 Qh5+ 34.
Rxh5 Kh8 35. Re5 h6 36. Nd6 Kh7 37. Re7 Rd8 38. Nf7 Rd3 39. R1e6 Rxc3 40. Nxh6
Kh8 41. Nf5 g5 42. Rd6 Ra3 43. Rd8# 1-0

[Event "AUTO-ADV-4223"]
[Site "http://www.queenalice.com/game.php?id=1590032"]
[Date "2019.11.14"]
[Round "2"]
[White "otavio01"]
[Black "MarcosT"]
[Result "0-1"]
[WhiteElo "1812"]
[BlackElo "1943"]

1. e4 c5 2. Bc4 e6 3. Nf3 Nc6 4. Nc3 a6 5. O-O h6 6. d3 Nf6 7. Bf4 d6 8. e5 dxe5
9. Nxe5 Nxe5 10. Bxe5 Be7 11. d4 O-O 12. dxc5 Qxd1 13. Raxd1 Bxc5 14. Rd2 Be7
15. a3 b5 16. Bd3 Bb7 17. f3 Nd5 18. Nxd5 exd5 19. Re1 Bd8 20. g3 Re8 21. Rde2
Bb6+ 22. Kg2 f6 23. Bd6 Rxe2+ 24. Rxe2 Rd8 25. Re6 Ba7 26. Re7 Rxd6 27. Rxb7 Be3
28. Bg6 Bb6 29. Re7 Rd8 30. Re6 Bd4 31. c3 Be5 32. Rxa6 d4 33. cxd4 Bxd4 34. b4
Bb2 35. a4 bxa4 36. Rxa4 Rd2+ 37. Kh3 Kf8 38. Ra7 Bc1 39. b5 Rb2 40. Rb7 Be3 41.
Kg4 Rxh2 42. b6 h5+ 43. Kf5 h4 44. Rf7+ Kg8 45. b7 Rb2 46. Rc7 Rb5+ 47. Ke6 Rb6+
48. Ke7 Bc5+ 49. Kd7 Rd6+ 50. Kc8 Rb6 51. Kb8 Bd6 52. Ka7 Bxc7 53. gxh4 Kf8 54.
f4 Ke7 55. f5 Kd6 56. h5 Kc5 57. Be8 Rb3 58. Bd7 Ra3+ 59. Ba4 Rxa4# 0-1

[Event "AUTO-ADV-4223"]
[Site "http://www.queenalice.com/game.php?id=1590033"]
[Date "2019.11.14"]
[Round "2"]
[White "MarcosT"]
[Black "otavio01"]
[Result "1-0"]
[WhiteElo "1965"]
[BlackElo "1801"]

1. e4 e5 2. Nf3 Nc6 3. Bb5 Nd4 4. Nxd4 exd4 5. d3 Nf6 6. Bg5 Be7 7. O-O Nxe4 8.
Bxe7 Qxe7 9. dxe4 Qxe4 10. Re1 Qxe1+ 11. Qxe1+ Kf8 12. Nd2 d6 13. Qe8# 1-0

[Event "Challenge"]
[Site "http://www.queenalice.com/game.php?id=1593528"]
[Date "2019.12.20"]
[Round "-"]
[White "WLAO"]
[Black "otavio01"]
[Result "0-1"]
[WhiteElo "1490"]
[BlackElo "1793"]

1. e4 e5 2. c3 Bc5 3. b4 Bb6 4. Nf3 Nf6 5. d3 Nc6 6. Bg5 d6 7. Qd2 O-O 8. Nh4 h6
9. Bxh6 gxh6 10. Qxh6 Ng4 11. Qh5 Bxf2+ 12. Ke2 Qxh4 13. Qxh4 Bxh4 14. g3 Bg5
15. Bg2 Ne3 16. Bf3 Nc2 17. Na3 Nxa3 18. h4 Bh6 19. g4 Nc2 20. Rab1 Bf4 21. a4
Be6 22. b5 Ne7 23. h5 Kh7 24. Rb2 Ne3 25. Kf2 Nxg4+ 26. Bxg4 Bxg4 27. d4 exd4
28. cxd4 Kh6 29. Rh4 Kg5 30. Rh1 Bxh5 31. Rg1+ Bg4 32. Rb3 Rh8 33. e5 Rh2+ 34.
Rg2 Rah8 35. exd6 Rxg2+ 36. Kxg2 Rh2+ 37. Kg1 cxd6 38. a5 Nd5 39. Rd3 Bh3 40. a6
bxa6 41. bxa6 Be3+ 42. Kxh2 Kg4 43. Rb3 Bxd4 44. Rxh3 f5 45. Rg3+ Kh4 46. Rh3+
Kg4 47. Rg3+ Kf4 48. Kh3 Ke4 49. Kh4 f4 50. Rg4 Ke3 0-1

[Event "Challenge"]
[Site "http://www.queenalice.com/game.php?id=1594102"]
[Date "2019.12.25"]
[Round "-"]
[White "edemarc"]
[Black "otavio01"]
[Result "1-0"]
[WhiteElo "1589"]
[BlackElo "1743"]

1. e4 e5 2. Nf3 Nc6 3. c3 Bc5 4. b4 Bb6 5. b5 Nce7 6. Nxe5 d6 7. Nd3 Nf6 8. Qe2
Bd7 9. a4 O-O 10. e5 dxe5 11. Nxe5 Bf5 12. Na3 Ned5 13. Qf3 Re8 14. Nc4 Bc5 15.
d4 Bd6 16. Bf4 Bg4 17. Qg3 Nxc3 18. h3 Bb4 19. Bd2 Nce4 20. Qd3 Bxd2+ 21. Nxd2
Nxd2 22. hxg4 Nxf1 23. Kxf1 Rxe5 24. f4 Rd5 25. g5 Rxd4 26. Qf3 Ne4 27. Re1 Nd2+
28. Kf2 Nxf3 29. gxf3 Rxf4 30. g6 fxg6 31. Re2 Qd4+ 32. Kg3 Raf8 33. Rf1 Qd3 34.
Ref2 1-0

[Event "AUTO-ADV-4282"]
[Site "http://www.queenalice.com/game.php?id=1595045"]
[Date "2020.1.3"]
[Round "1"]
[White "otavio01"]
[Black "rubenov"]
[Result "0-1"]
[WhiteElo "1801"]
[BlackElo "2036"]

1. e4 e5 2. Nf3 d6 3. Bc4 Be7 4. d4 exd4 5. Qxd4 Bf6 6. e5 dxe5 7. Qxd8+ Bxd8 8.
Nxe5 Be6 9. Bxe6 fxe6 10. Nc3 c6 11. Ne4 Be7 12. Bf4 Nf6 13. Nd6+ Bxd6 14. O-O-O
Nd5 15. Bg3 Bxe5 16. Bxe5 Rg8 17. Rhe1 Nd7 18. Bd6 Kf7 19. Rd3 N7f6 20. c4 Nb6
21. c5 Nbd5 22. Be5 Rad8 23. Bxf6 gxf6 24. g3 Nb4 25. Rde3 e5 26. Kb1 Nd3 27.
R1e2 Nxc5 28. f4 Nd7 29. fxe5 Nxe5 30. h3 Rd3 31. Kc2 Rxe3 32. Rxe3 Rd8 33. h4
h5 34. a3 Rd4 35. Kc3 c5 36. b3 a5 37. a4 Ke6 38. Re2 Rd3+ 39. Kc2 Rxg3 0-1

[Event "AUTO-ADV-4282"]
[Site "http://www.queenalice.com/game.php?id=1595046"]
[Date "2020.1.3"]
[Round "1"]
[White "rubenov"]
[Black "otavio01"]
[Result "1-0"]
[WhiteElo "2059"]
[BlackElo "1794"]

1. d4 e6 2. e4 Nc6 3. Nc3 Bb4 4. Nf3 d6 5. Bd3 e5 6. d5 Nd4 7. O-O Bg4 8. Be2
Bxf3 9. Bxf3 Bxc3 10. bxc3 Nxf3+ 11. Qxf3 Nf6 12. Bg5 Qe7 13. Bxf6 Qxf6 14. Qxf6
gxf6 15. f4 O-O-O 16. c4 a6 17. a4 Rhg8 18. Ra3 Rg4 19. Raf3 Rdg8 20. R1f2 Kd7
21. fxe5 fxe5 22. Rxf7+ Kc8 23. Rxh7 Rxe4 24. Rff7 Rxc4 25. h4 Rxc2 26. Rhg7
Rxg7 27. Rxg7 b5 28. axb5 axb5 29. h5 b4 30. h6 b3 31. h7 b2 32. h8=Q+ Kb7 33.
Rg8 b1=Q+ 34. Kh2 Qf1 35. Rb8+ Ka6 36. Qc8+ Ka5 37. Ra8+ Kb4 38. Qb7+ Kc3 39.
Ra3+ Kd4 40. Ra4+ Rc4 41. Qb2+ Kxd5 42. Ra5+ Ke6 43. Qb3 Ke7 44. g3 e4 45. Rg5
Qf2+ 46. Kh3 Qf1+ 47. Kh2 Kf6 48. Rg4 Qe2+ 49. Kh3 d5 50. Rf4+ Kg5 51. Qb8 Qh5+
52. Rh4 Qf7 53. Rg4+ Kh6 54. Qh8+ Qh7 55. Qf6+ Kh5 56. Qg5# 1-0

[Event "AUTO-ADV-4282"]
[Site "http://www.queenalice.com/game.php?id=1595047"]
[Date "2020.1.3"]
[Round "1"]
[White "otavio01"]
[Black "josebaron"]
[Result "0-1"]
[WhiteElo "1797"]
[BlackElo "1930"]

1. e4 e5 2. Nf3 Nc6 3. Bb5 d6 4. d3 Be7 5. Be3 Nf6 6. Nc3 O-O 7. O-O a6 8. Bxc6
bxc6 9. a3 h6 10. h3 Nh7 11. b4 Bb7 12. d4 exd4 13. Bxd4 Bf6 14. e5 dxe5 15.
Bxe5 Bxe5 16. Nxe5 Re8 17. Nd7 c5 18. Nxc5 Qxd1 19. Raxd1 Bc6 20. Rfe1 Nf6 21.
Rxe8+ Rxe8 22. Nxa6 Ne4 23. Nxe4 Rxe4 24. Nxc7 Rc4 25. Rd2 Ba4 26. Na6 Rc3 27.
Rd3 Rxc2 28. Re3 Rb2 29. Nc5 Bc6 30. Nd3 Ra2 31. Ne5 Bb5 32. Nd3 Rxa3 33. Nc5
Ra1+ 34. Kh2 Rb1 35. Re4 Rb2 36. f3 Bc6 37. Rc4 Bxf3 38. Kg3 Bxg2 39. Nd3 Rd2
40. Nf4 Bf1 41. Rc5 Rb2 42. Nd5 Bg2 43. b5 f6 44. Nc7 Bf1 45. h4 Kf7 46. Kf4
Rb4+ 47. Kg3 Rb2 48. Kf4 Rb4+ 49. Kf5 Bh3# 0-1

[Event "AUTO-ADV-4282"]
[Site "http://www.queenalice.com/game.php?id=1595048"]
[Date "2020.1.3"]
[Round "1"]
[White "josebaron"]
[Black "otavio01"]
[Result "1-0"]
[WhiteElo "2013"]
[BlackElo "1801"]

1. e4 e5 2. Bc4 Nc6 3. Nf3 Nf6 4. Nc3 Bc5 5. h3 O-O 6. d3 d6 7. Be3 Bxe3 8. fxe3
a6 9. a4 Bd7 10. Nd5 Nxd5 11. exd5 Ne7 12. e4 f5 13. Ng5 Ng6 14. Qh5 h6 15. Ne6
Bxe6 16. dxe6 Qe7 17. Qxg6 Rf6 18. Qh5 c6 19. O-O fxe4 20. Rxf6 Qxf6 21. e7+ d5
22. e8=Q+ Rxe8 23. Qxe8+ Kh7 24. Rf1 Qh4 25. Rf8 1-0

[Event "AUTO-ADV-4282"]
[Site "http://www.queenalice.com/game.php?id=1595049"]
[Date "2020.1.3"]
[Round "1"]
[White "otavio01"]
[Black "Football_rules"]
[Result "0-1"]
[WhiteElo "1761"]
[BlackElo "1707"]

1. e4 e5 2. Nf3 d6 3. Bc4 Qf6 4. Nc3 Bg4 5. O-O Nh6 6. d3 Bxf3 7. Qxf3 Nd7 8.
Qxf6 Nxf6 9. Bxh6 gxh6 10. Rad1 O-O-O 11. Bxf7 a6 12. Nd5 Nxd5 13. Bxd5 Kb8 14.
b3 Be7 15. f4 Bf6 16. f5 h5 17. c4 h4 18. g3 hxg3 19. hxg3 h5 20. Kg2 Rd7 21.
Be6 Rg7 22. Rh1 h4 23. g4 Rxg4+ 24. Kf3 Rg3+ 25. Kf2 Rg4 26. Ke2 Rg2+ 0-1

[Event "AUTO-ADV-4282"]
[Site "http://www.queenalice.com/game.php?id=1595050"]
[Date "2020.1.3"]
[Round "1"]
[White "Football_rules"]
[Black "otavio01"]
[Result "1-0"]
[WhiteElo "1728"]
[BlackElo "1804"]

1. e4 e5 2. Nf3 Nc6 3. a3 Nf6 4. d3 Bc5 5. c3 d6 6. Bg5 O-O 7. Qd2 Be6 8. h3 h6
9. Bxh6 gxh6 10. Qxh6 Nh7 11. d4 exd4 12. Bd3 Qf6 13. Qh5 dxc3 14. e5 dxe5 15.
Qxh7# 1-0

[Event "AUTO-ADV-4216"]
[Site "http://www.queenalice.com/game.php?id=1599924"]
[Date "2020.2.18"]
[Round "2"]
[White "polyhedron2"]
[Black "otavio01"]
[Result "1-0"]
[WhiteElo "2058"]
[BlackElo "1769"]

1. e4 e5 2. Nf3 Nc6 3. d4 exd4 4. Nxd4 Nxd4 5. Qxd4 Nf6 6. e5 Qe7 7. Be2 c5 8.
exf6 Qxe2+ 9. Kxe2 cxd4 10. Bg5 g6 11. Kd3 Bc5 12. Re1+ Kf8 13. Bh6+ 1-0

[Event "AUTO-ADV-4216"]
[Site "http://www.queenalice.com/game.php?id=1599925"]
[Date "2020.2.18"]
[Round "2"]
[White "otavio01"]
[Black "polyhedron2"]
[Result "0-1"]
[WhiteElo "1765"]
[BlackElo "2062"]

1. e4 e5 2. Nf3 Nc6 3. Bb5 a6 4. Bxc6 dxc6 5. Nxe5 Qd4 6. Nf3 Qxe4+ 7. Qe2 Qxe2+
8. Kxe2 Bf5 9. Re1 O-O-O 10. Kf1 Bxc2 11. Nc3 f6 12. Re2 Bd3 13. b3 Bxe2+ 14.
Kxe2 Bc5 0-1

[Event "AUTO-ADV-4216"]
[Site "http://www.queenalice.com/game.php?id=1599930"]
[Date "2020.2.18"]
[Round "2"]
[White "holandes"]
[Black "otavio01"]
[Result "1-0"]
[WhiteElo "1927"]
[BlackElo "1789"]

1. e4 e5 2. Nc3 Nf6 3. a3 d5 4. d3 dxe4 5. dxe4 Qxd1+ 6. Kxd1 Bc5 7. f3 O-O 8.
Bd3 Nc6 9. Nge2 Be6 10. Bg5 Be7 11. Kd2 Rad8 12. Rad1 a6 13. Kc1 h6 14. Bh4 Bc5
15. f4 exf4 16. Nxf4 Ng4 17. Rdf1 g5 18. Nxe6 fxe6 19. Bg3 Ne3 20. Rf2 1-0

[Event "AUTO-ADV-4216"]
[Site "http://www.queenalice.com/game.php?id=1599931"]
[Date "2020.2.18"]
[Round "2"]
[White "otavio01"]
[Black "holandes"]
[Result "0-1"]
[WhiteElo "1779"]
[BlackElo "1937"]

1. e4 e5 2. Nf3 Nc6 3. Bb5 Nge7 4. d3 d6 5. Nc3 Bg4 6. O-O a6 7. Bxc6+ Nxc6 8.
Be3 h6 9. h3 Bh5 10. Nd5 Be7 11. g4 Bg6 12. Kg2 Bf6 13. h4 O-O 14. g5 hxg5 15.
hxg5 Be7 16. Rh1 Nd4 17. Rh3 Nxf3 18. Qh1 f6 19. gxf6 Bxf6 20. Kxf3 c6 0-1